Responses for show #1295 - Friday, March 30, 1990

Contestants

[<< previous game]

Andy Gedo, a real estate consultant originally from Chicago, Illinois

Dan Ritey, a senior account executive from North Hollywood, California

David Vanden Heuvel, a teacher from Banning, California

[next game >>]

Jeopardy! Round responses

THE CIVIL WAR
SALADS
VOCABULARY
1981 MOVIES
INVENTIONS
FAMOUS JOES & JOSEPHS
    $100 8
Ku Klux Klan

David
    $100 2
(A: What is oil?)

Salt

Andy
Triple Stumper
    $100 3
slinging

Andy
    $100 4
"Raiders of the Lost Ark"

Andy
    $100 5
(Dan: What is a telephone book?)
(David: What is a...)

Telephone Switchboard (even though there were only 6 subscribers)

DavidDan
Triple Stumper
    $100 6
Joe Frazier, Joe Louis & "Jersey Joe" Walcott

Dan
    $200 19
Gettysburg

David
    $200 10
Greek Salad

Dan
    $200 14
Truculent

Triple Stumper
    $200 18
Tarzan the Ape Man

David
    $200 13
Johnson & Johnson

David
    $200 7
Joseph Biden

Andy
    $300 20
Fort Sumter

Andy
    $300 15
Hob

David
    $300 21
(David: What is MacArthur?)

Inchon

DavidDan
    $300 23
(A: What is a printing press?)

Movable Type

DanAndy
    $300 11
Joseph Stalin

Dan
    $400 9
Stonewall Jackson

Andy
    $400 16
(David: What is a cup?)
(audience laughter)
(Alex: Well, give David marks for humor, but Dan, pick again quickly!)

Mouthpiece

DavidDan
    $400 22
James Cagney

David
    $400 12
Joe Cocker

David
    $500 1
Gatling

Andy
    $600 27
[The end-of-round signal sounds.]

wine

Andy
    $500 25
(Dan: What is pre?)

Primeval ("This is the forest primeval, the murmuring pines & the hemlocks")

Dan
Triple Stumper
    $500 24
(less than a minute to go in the round...)

Jill Clayburgh

Andy
    $500 26
Different systems of broadcasting color television

Triple Stumper
    $500 17
Joseph Campbell

David

Scores at the first commercial break (after clue 13):

David Dan Andy
$600 $500 $1,200

Scores at the end of the Jeopardy! Round:

David Dan Andy
$1,500 $1,000 $2,300

Double Jeopardy! Round responses

FRENCH LITERATURE
COMPOSERS
LAW
AMERICAN RELIGION
PSYCHOLOGY
GEOGRAPHY
    $200 7
"The Three Musketeers"

Andy
    $200 1
Paris

Andy
    $200 21
(Dan: What is the defense?)

Prosecution

DanAndy
    $200 27
Mary Baker Eddy

David
    $200 2
IQ Test

Andy
    $200 11
Ivory Coast

Dan
    $400 8
Poetry

Andy
    $400 19
Pyotr Ilyich Tchaikovsky

Dan
    $400 22
Public Domain

Andy
    $400 17
Immersion

Andy
    $400 3
Psychosomatic

Andy
    $400 12
Mount Everest

David
    $600 9
(Dan: Who is Romanroland?)
(David: Who is Pantagruel?)

Gargantua

DavidDan
Triple Stumper
    $600 20
Richard Wagner

Andy
    $600 15
Ipso Facto

David
    $600 29
Quakers

Dan
    $600 4
Industrial Psychology

Andy
    $600 18
Utah

Andy
    $800 10
Simone De Beauvoir

Dan
    $800 25
Antonio

Dan
    $800 13
Richard Nixon

Andy
    $800 28
Juniperro Serra

Dan
    $800 5
(David: What is infantalism?)

Regression

DavidAndy
    $800 23
(A: What is the Colorado?)

Ohio River

DavidAndy
    $1000 14
Encyclopedia

David
    $3,400 26
(minute to go in the round...)

Impressionistic

Dan
    $1000 16
"Civil Disobedience"

David
    $1000 30
Methodists

Triple Stumper
    $1000 6
(Alex: Guy has a serious problem!)

For a Hat

Triple Stumper
    $1000 24
Bolivia

Dan

Scores at the end of the Double Jeopardy! Round:

David Dan Andy
$4,100 $8,200 $7,300

[wagering suggestions for these scores]

Final Jeopardy! Round responses

WORLD HISTORY
DavidWho is Franco
$4,100
AndyWho was FRANCO
$7,300
DanWho was Franco?
$7,000
Gen. Francisco Franco

Final scores:

David Dan Andy
$8,200 $15,200 $14,600
3rd place: Colortyme Table Model Color TV New champion: $15,200 2nd place: Seragraph & Coffee Machine

Game dynamics:

Coryat scores:

David Dan Andy
$4,100 $5,800 $7,200
14 R,
5 W
14 R
(including 2 DDs),
4 W
21 R
(including 1 DD),
3 W

Combined Coryat: $17,100

The J! Archive is created by fans, for fans. The Jeopardy! game show and all elements thereof, including but not limited to copyright and trademark thereto, are the property of Jeopardy Productions, Inc. and are protected under law. This website is not affiliated with, sponsored by, or operated by Jeopardy Productions, Inc. Join the discussion at JBoard.tv.